Netflix Originals with Pictures - Statistics

General Stats
  • This quiz has been taken 647 times
  • The average score is 9 of 16
Answer Stats
Picture Answer % Correct
Squid Game
96%
Stranger Things
96%
Wednesday
91%
Orange is the New Black
81%
Bridgerton
78%
The Umbrella Academy
70%
BoJack Horseman
64%
13 Reasons Why
60%
Money Heist
51%
Big Mouth
50%
The Crown
50%
Ozark
37%
Beef
12%
Dead to Me
8%
Grace and Frankie
7%
The Jeffrey Dahmer Story
2%
No matching quizzes found
Score Distribution
Percent of People with Each Score
Percentile by Number Answered
Your Score History
You have not taken this quiz